LIBRARY & INFORMATION CENTRE, KCAET, TAVANUR

ONLINE PUBLIC ACCESS CATALOGUE (OPAC)

Denmark Adventures (Record no. 17769)

MARC details
000 -LEADER
fixed length control field 00423nam a22001817a 4500
003 - CONTROL NUMBER IDENTIFIER
control field OSt
008 - FIXED-LENGTH DATA ELEMENTS--GENERAL INFORMATION
fixed length control field 231028b |||||||| |||| 00| 0 eng d
041 ## - LANGUAGE CODE
Language code of text/sound track or separate title eng
082 ## - DEWEY DECIMAL CLASSIFICATION NUMBER
Classification number 823.301
Item number HEM / D
100 ## - MAIN ENTRY--AUTHOR NAME
Personal name Hemming, James
245 ## - TITLE STATEMENT
Title Denmark Adventures
250 ## - EDITION STATEMENT
Edition statement 2nd
260 ## - PUBLICATION, DISTRIBUTION, ETC. (IMPRINT)
Place of publication London:
Name of publisher Longman,
Year of publication 1955.
300 ## - PHYSICAL DESCRIPTION
Number of Pages 48pages.
650 ## - SUBJECT ADDED ENTRY--TOPICAL TERM
Topical Term English Novels
700 ## - ADDED ENTRY--PERSONAL NAME
Personal name Gale, W
942 ## - ADDED ENTRY ELEMENTS (KOHA)
Koha item type Books
Holdings
Withdrawn status Lost status Damaged status Home library Current library Shelving location Date acquired Cost, normal purchase price Full call number Accession Number Koha item type
      KAUAET KAUAET General Stacks 28/10/2023 275.00 823.301 HEM / D 12318D Books
free website counter